000 00838nam a2200253Ia 4500
003 OSt
005 20220926015450.0
006 a|||||r|||| 00| 0
007 ta
008 220923b |||||||| |||| 00| 0 eng d
020 _a1403968757
_c3012.10
037 _b1522, 13/11/2006, The Bookseller
_cGeneral Book
040 _aRTL
_cRTL
_beng
041 _2eng
_aeng
082 _aY2215, P5
100 _aHardy Sarah
_9322406
245 0 _aMotherhood and space
_b Cofigurations of the maternal through politics, home and thebody
260 _aNew York
_bPalgrave Macmillan
_c2005
300 _axiv, 335p
_ccm.
650 _aSociology
700 _a Wiedmer Caroline Ed.
_9322407
942 _hY2215, P5
_cGB
_2CC
999 _c631650
_d631650